<?xml version="1.0" encoding="UTF-8"?>
<record
    xmlns:xsi="http://www.w3.org/2001/XMLSchema-instance"
    xsi:schemaLocation="http://www.loc.gov/MARC21/slim http://www.loc.gov/standards/marcxml/schema/MARC21slim.xsd"
    xmlns="http://www.loc.gov/MARC21/slim">

  <leader>01208nam a22002657a 4500</leader>
  <controlfield tag="005">20170124103210.0</controlfield>
  <datafield tag="010" ind1=" " ind2=" ">
    <subfield code="a">A-990026</subfield>
  </datafield>
  <datafield tag="020" ind1=" " ind2=" ">
    <subfield code="c">395.00</subfield>
  </datafield>
  <datafield tag="035" ind1=" " ind2=" ">
    <subfield code="a">A-990026</subfield>
  </datafield>
  <datafield tag="037" ind1=" " ind2=" ">
    <subfield code="b">Cen Lib/Ret</subfield>
  </datafield>
  <datafield tag="040" ind1=" " ind2=" ">
    <subfield code="a">DPL</subfield>
    <subfield code="b">HN</subfield>
  </datafield>
  <datafield tag="082" ind1=" " ind2=" ">
    <subfield code="a">780.3</subfield>
    <subfield code="b">&#x930;&#x93E;&#x92F;&#x91A;&#x94C; </subfield>
  </datafield>
  <datafield tag="100" ind1=" " ind2=" ">
    <subfield code="a">&#x930;&#x93E;&#x92F;&#x91A;&#x94C;&#x927;&#x930;&#x940;, &#x935;&#x93F;&#x92E;&#x932;&#x93E;&#x915;&#x93E;&#x928;&#x94D;&#x924; </subfield>
    <subfield code="9">43912</subfield>
  </datafield>
  <datafield tag="245" ind1=" " ind2=" ">
    <subfield code="a">&#x92D;&#x93E;&#x930;&#x924;&#x940;&#x92F; &#x938;&#x902;&#x917;&#x940;&#x924; &#x915;&#x94B;&#x936;  /</subfield>
    <subfield code="c"> &#x935;&#x93F;&#x92E;&#x932;&#x93E;&#x915;&#x93E;&#x928;&#x94D;&#x924; &#x930;&#x93E;&#x92F;&#x91A;&#x94C;&#x927;&#x930;&#x940; ; &#x905;&#x928;&#x941;&#x935;&#x93E;&#x926;&#x915; &#x92E;&#x926;&#x928;&#x932;&#x93E;&#x932; &#x935;&#x94D;&#x92F;&#x93E;&#x938; </subfield>
  </datafield>
  <datafield tag="246" ind1=" " ind2=" ">
    <subfield code="a">Bhartiya sangeet kosh </subfield>
    <subfield code="b"> by Vimlakant Raychoudhuri ;anuvadak Madanlal Vyas </subfield>
  </datafield>
  <datafield tag="260" ind1=" " ind2=" ">
    <subfield code="a">&#x928;&#x908; &#x926;&#x93F;&#x932;&#x94D;&#x932;&#x940; </subfield>
    <subfield code="b">&#x935;&#x93E;&#x923;&#x940; &#x92A;&#x94D;&#x930;&#x915;&#x93E;&#x936;&#x928; </subfield>
    <subfield code="c">1998</subfield>
  </datafield>
  <datafield tag="270" ind1=" " ind2=" ">
    <subfield code="a">21 &#x90F;, &#x926;&#x930;&#x93F;&#x92F;&#x93E; &#x917;&#x902;&#x91C; </subfield>
    <subfield code="b">&#x928;&#x908;  &#x926;&#x93F;&#x932;&#x94D;&#x932;&#x940; </subfield>
    <subfield code="e">110002</subfield>
  </datafield>
  <datafield tag="300" ind1=" " ind2=" ">
    <subfield code="a">511&#x92A;&#x943;&#x937;&#x94D;&#x920;. </subfield>
    <subfield code="c">21&#x938;&#x947;&#x92E;&#x940;(&#x938;&#x91C;&#x93F;&#x932;&#x94D;&#x926;)</subfield>
  </datafield>
  <datafield tag="650" ind1=" " ind2=" ">
    <subfield code="a">&#x92D;&#x93E;&#x930;&#x924;&#x940;&#x92F; &#x938;&#x902;&#x917;&#x940;&#x924; </subfield>
    <subfield code="9">95973</subfield>
  </datafield>
  <datafield tag="650" ind1=" " ind2=" ">
    <subfield code="a">&#x938;&#x902;&#x917;&#x940;&#x924; &#x915;&#x932;&#x93E; - &#x938;&#x902;&#x917;&#x940;&#x924; &#x915;&#x94B;&#x936;  </subfield>
    <subfield code="9">82772</subfield>
  </datafield>
  <datafield tag="650" ind1=" " ind2=" ">
    <subfield code="a">Indian Music</subfield>
    <subfield code="9">24925</subfield>
  </datafield>
  <datafield tag="650" ind1=" " ind2=" ">
    <subfield code="a">Music Art - Music thesaurus</subfield>
    <subfield code="9">95974</subfield>
  </datafield>
  <datafield tag="700" ind1=" " ind2=" ">
    <subfield code="a">&#x935;&#x94D;&#x92F;&#x93E;&#x938;, &#x92E;&#x926;&#x928;&#x932;&#x93E;&#x932; </subfield>
    <subfield code="9">95975</subfield>
  </datafield>
  <datafield tag="942" ind1=" " ind2=" ">
    <subfield code="2">ddc</subfield>
    <subfield code="c">HN</subfield>
    <subfield code="h">780.3</subfield>
    <subfield code="m">&#x930;&#x93E;&#x92F;&#x91A;&#x94C; </subfield>
  </datafield>
  <datafield tag="999" ind1=" " ind2=" ">
    <subfield code="c">121250</subfield>
    <subfield code="d">121250</subfield>
  </datafield>
  <datafield tag="952" ind1=" " ind2=" ">
    <subfield code="0">0</subfield>
    <subfield code="1">0</subfield>
    <subfield code="4">0</subfield>
    <subfield code="7">1</subfield>
    <subfield code="8">REF</subfield>
    <subfield code="a">L</subfield>
    <subfield code="b">L</subfield>
    <subfield code="d">2015-10-05</subfield>
    <subfield code="e">Cen Lib/Ret</subfield>
    <subfield code="g">395.00</subfield>
    <subfield code="l">0</subfield>
    <subfield code="o">780.3 &#x930;&#x93E;&#x92F;&#x91A;&#x94C;</subfield>
    <subfield code="p">A-990026</subfield>
    <subfield code="r">2015-10-05 00:00:00</subfield>
    <subfield code="t">1</subfield>
    <subfield code="v">395.00</subfield>
    <subfield code="w">2015-10-05</subfield>
    <subfield code="y">HN</subfield>
  </datafield>
</record>
